| 000 | 01023nmc a2200373 a 4500 | ||
|---|---|---|---|
| 003 | AR-BaBNM | ||
| 005 | 20251128204245.0 | ||
| 008 | 236019s1975 ||||||||||||||000 | spa|| | ||
| 020 | _a84-297-0666-6 | ||
| 040 | _cAR-BaBNM | ||
| 100 | 1 | _aEvans-Pritchard, E.E. | |
| 245 | 1 | 0 |
_aLa mujer en las sociedades primitivas _by otros ensayos |
| 250 | _a2ª ed. | ||
| 260 |
_aBarcelona _bEdiciones Península _c1975 |
||
| 300 | 0 |
_a268 p. _bmapas, gráfs. |
|
| 490 | 0 |
_aHistoria, ciencia, sociedad _vv. 84 |
|
| 650 | 4 | _aANTROPOLOGIA CULTURAL Y SOCIAL | |
| 650 | 4 | _aMUJERES | |
| 650 | 4 | _aETNOLOGIA | |
| 650 | 4 | _aCOSTUMBRES Y TRADICIONES | |
| 650 | 4 | _aHISTORIA | |
| 650 | 4 | _aTRABAJO DE INVESTIGACION | |
| 650 | 4 | _aINVESTIGACION CULTURAL | |
| 650 | 4 | _aESTILOS DE VIDA | |
| 650 | 4 | _aABORIGENES | |
| 650 | 4 | _aCULTURAS AFRICANAS | |
| 650 | 4 | _aSOCIEDADES NO INDUSTRIALIZADAS | |
| 650 | 4 | _aCONFERENCIAS | |
| 650 | 4 | _aLENGUAS AFRICANAS | |
| 651 | 4 | _aAfrica | |
| 651 | 4 | _aKenya | |
| 942 | _cBK | ||
| 998 | _cEnrique | ||
| 999 |
_c6740 _d6740 |
||